|
|
|
|
| LEADER |
01127nam a2200313 a 4500 |
| 001 |
2350 |
| 003 |
BD-DhAAL |
| 005 |
20151010140016.0 |
| 008 |
151010s1993 enka b 001 0 eng d |
| 010 |
|
|
|a 95130583
|
| 015 |
|
|
|a GB93-646
|
| 020 |
|
|
|a 027360533x
|
| 020 |
|
|
|a 0712698574 :
|c £20.00
|
| 040 |
|
|
|a Uk
|c Uk
|d DLC
|d BD-DhAAL
|
| 050 |
0 |
0 |
|a HF5549
|b .S124 1993
|
| 082 |
0 |
0 |
|a 658.3/0087
|2 21
|
| 100 |
1 |
|
|a Sadler, Philip,
|d 1930-
|9 15052
|
| 245 |
1 |
0 |
|a Managing talent :
|b making the best of the best /
|c Philip Sadler.
|
| 260 |
|
|
|b London :
|c Financial Times/Pitman Pub.,
|c 1993.
|
| 300 |
|
|
|a viii, 208 p. :
|b ill. ;
|c 24 cm.
|
| 500 |
|
|
|a On spine: Ashridge.
|
| 500 |
|
|
|a "Originally published 1993 by Century Business in association with The Economist Books Ltd."--T.p. verso.
|
| 541 |
|
|
|e 2350
|
| 650 |
|
0 |
|a Personnel management.
|9 15233
|
| 653 |
|
|
|a Talented employees.
|
| 710 |
2 |
|
|a Ashridge Management College.
|9 15234
|
| 942 |
|
|
|2 ddc
|c BK
|
| 999 |
|
|
|c 35736
|d 35736
|
| 952 |
|
|
|0 0
|1 0
|2 ddc
|4 0
|6 658_300000000000000_0087_SAD
|7 0
|9 56199
|a SCL
|b SCL
|c GEN
|d 2015-10-10
|l 0
|o 658.30087 SAD
|p 3020002350
|r 2015-10-10
|t 1
|w 2015-10-10
|y BK
|